000 01251nam a22003737a 4500
003 CHAP
005 20241112133727.0
008 971013s1984 r 00010 d
010 _a33373
011 _a34345
035 _a38461
040 _cCHAP
090 _aTesis
100 0 0 _aMaya Tapia, María Lucía.
_973201
245 _aBúsqueda de control biológico de enfermedades radiculares en haba
260 _aMéxico, D.F. :
_bEl autor,
_c1984
300 _a57 h.
_b; gráfs
502 _aTesis (Químico Bacteriólogo Parasitólogo) -- IPN. Esc. Nal. de Ciencias Biológicas
590 _aALEPH
_b10
_c20130110
_lUCH01
_h1258
590 _aBATCH-UPD
_b10
_c20130110
_lUCH01
_h1637
590 _aBATCH-UPD
_b10
_c20130410
_lUCH01
_h1028
590 _aBATCH-UPD
_b10
_c20130914
_lUCH01
_h1045
590 _aCONVERSION
_b10
_c20130109
_lUCH01
_h1319
650 1 4 _aControl biológico de hongos.
_927580
650 1 4 _aHaba
_xEnfermedades.
_952101
650 1 4 _aMaíz
_xSubproductos.
_971064
650 1 7 _apH
_xMedición
_2
_987753
650 1 4 _aRhizoctonia solani.
_997134
650 1 4 _aTrichoderma harzianum.
_9114924
901 _aBK
942 _cFOLL
949 _bBC
_cTES
_d-87942
_eTS1
_i38461
_si
949 _bBC
_cTES
_d-87943
_eTS2
_fc.2
_i38461
_si
999 _c33373
_d33373